00665nam a2200241 a 4500001001300000003000900013005001700022008004100039020001000080082001300090100001800103245004000121260004800161300000900209500003500218505001300253650001600266700001800282902000800300942000700308952009300315999001500408nice12345678IN_TiNIC20260116011833.0050524s1895 laha grp 000 0 urd  ac10000a239bRAM aRamchandra, M aEjaz-E-Qur`anb the Qur`an Refuted. aLahorebPunjab Religious Booksociety c1895 a156p aincludes index and biblioraphy2 aAppendix aApologetics1 aRamchandra, M bSRS cBK 00104070aHMIbHMId2007-06-22g100.00l0o239 RAMp7455r2007-06-22w2026-01-16yARB c4330d4330